Sports Quiz

Random Sports or Clickable Quiz

FIFA World Cup pair of teams trivia Quiz Stats

 Plays Quiz not verified by Sporcle

Challenge
Share
Tweet
Embed
Score 0/78 Timer 10:00
0 Plays Today
% Correct
Uruguay
92%
England
84%
France
80%
Italy
64%
Netherlands
64%
Brazil
60%
Spain
60%
Colombia
52%
Czechoslovakia / Czech Republic
52%
Honduras
52%
Hungary
52%
Australia
52%
Slovenia
48%
Togo
48%
Trinidad and Tobago
48%
Bolivia
44%
North Korea
44%
El Salvador
44%
Mexico
44%
Saudi Arabia
40%
Ecuador
40%
Soviet Union / Russia
40%
Chile
40%
Panama
40%
Iceland
40%
Peru
36%
Israel
36%
New Zealand
36%
Cuba
32%
Croatia
32%
Nigeria
32%
Sweden
32%
Egypt
28%
Norway
28%
Zaire / DR Congo
28%
Japan
28%
Algeria
28%
Dutch East Indies / Indonesia
28%
Turkey
24%
% Correct
Belgium
24%
Bosnia and Herzegovina
24%
Poland
24%
China
24%
Switzerland
24%
Slovakia
24%
Ghana
24%
Denmark
20%
Greece
20%
Iran
20%
Austria
20%
Kuwait
20%
Ukraine
20%
Canada
16%
Tunisia
16%
Jamaica
16%
Argentina
16%
Haiti
16%
Bulgaria
16%
South Korea
16%
Côte d'Ivoire
16%
Morocco
16%
East Germany
16%
Costa Rica
16%
Rep. of Ireland
12%
United Arab Emirates
12%
Scotland
12%
Wales
12%
Cameroon
12%
Angola
12%
Paraguay
8%
Romania
8%
Germany / West Germany
8%
Iraq
8%
Senegal
4%
South Africa
4%
Northern Ireland
4%
Yugoslavia / Serbia / Serbia and Montenegro
0%
Portugal
0%

You're not logged in!

Compare scores with friends on all Sporcle quizzes.
Join for Free
OR
Log In

You Might Also Like...

Show Comments

Extras

Top Quizzes Today


Score Distribution

Your Account Isn't Verified!

In order to create a playlist on Sporcle, you need to verify the email address you used during registration. Go to your Sporcle Settings to finish the process.

Report this User

Report this user for behavior that violates our Community Guidelines.

Details: